The spirit of despotism : [Eight lines of quotations].

Bibliographic Details
Main Author: Knox, Vicesimus, 1752-1821
Corporate Author: Gale (Firm)
Other Authors: Lang, John, 1769?-1836 (Printer), Ustick, Stephen Clegg, 1773-1837 (Printer)
Format: eBook
Language:English
Subjects:
Online Access:Connect to the full text of this electronic book

MARC

Tag First Indicator Second Indicator Subfields
LEADER 00000cam a2200000 4500
001 in00003875913
005 20190415193059.0
006 m o d
007 cr |n||||||||n
008 820727s1795 xxu|||| o 00| | eng c
035 |a (CU-RivES)W3556 
035 |a (Uk-ES)006445073 
035 |a (OCoLC)510887397 
040 |a MWA  |c MWA  |d CU-RivES  |d CStRLIN  |d Cengage Gale  |d UtOrBLW 
050 4 |a Z1215  |b .K569 1795 
100 1 |a Knox, Vicesimus,  |d 1752-1821.  |0 http://id.loc.gov/authorities/names/n50042398 
245 1 4 |a The spirit of despotism :  |b [Eight lines of quotations]. 
264 3 |a [Philadelphia] :  |b London: printed in the year 1795. Philadelphia: re-printed by Lang and Ustick, for selves and Mathew Carey,  |c Nov. 28, MDCCXCV. [1795] 
300 |a 1 online resource (2 unnumbered pages, x, 342, 2 unnumbered pages)  
336 |a text  |b txt  |2 rdacontent 
337 |a computer  |b c  |2 rdamedia 
338 |a online resource  |b cr  |2 rdacarrier 
500 |a Attributed to Knox in the Dictionary of national biography. 
500 |a Error in paging: pages 265 misnumbered 165. 
509 |a Signatures: A-2F⁶ 2G⁴ (A1 and 2G4 are blank) 
510 4 |a Evans,  |c 28936 
510 4 |a English Short Title Catalog,  |c W3556. 
500 |a Reproduction of original from Library of Congress. 
500 |a Electronic resource. 
650 0 |a Despotism.  |0 http://id.loc.gov/authorities/subjects/sh85037238 
655 7 |a Electronic books.  |2 local 
700 1 |a Lang, John,  |d 1769?-1836,  |e printer.  |0 http://id.loc.gov/authorities/names/n88140046 
700 1 |a Ustick, Stephen Clegg,  |d 1773-1837,  |e printer.  |0 http://id.loc.gov/authorities/names/n88257517 
700 1 |a Carey, Mathew,  |d 1760-1839,  |e bookseller.  |0 http://id.loc.gov/authorities/names/n50035124 
710 2 |a Gale (Firm)  |0 http://id.loc.gov/authorities/names/no2008071348 
752 |a United States  |b Pennsylvania  |d Philadelphia. 
856 4 0 |u http://proxy.library.tamu.edu/login?url=http://find.galegroup.com/ecco/infomark.do?contentSet=ECCOArticles&docType=ECCOArticles&bookId=1409100100&type=getFullCitation&tabID=T001&prodId=ECCO&docLevel=TEXT_GRAPHICS&version=1.0&source=library&userGroupName=txshracd2898  |z Connect to the full text of this electronic book  |t 0 
999 f f |s c9704a8c-af90-35b0-8e52-35ba293d2a7f  |i e1903952-489f-3658-9e85-d1a48cac7bf6  |t 0 
952 f f |a Texas A&M University  |b College Station  |c Electronic Resources  |d Available Online  |t 0  |e Z1215 .K569 1795  |h Library of Congress classification 
998 f f |a Z1215 .K569 1795  |t 0  |l Available Online